O hľadaní lásky

Podrobná bibliografia
Hlavný autor: (lan) (Autor)
Médium: Článok
Jazyk:slovenčina
Predmet:

MARC

LEADER 00000nab a2200000 a 4500
001 vtls000149065
003 SK-MaSNL
005 20260302210001.0
008 111104c1983 xo 0 slo
015 |a SNBRB19rr/mm-uuuuu 
035 |a CL0159172 
040 |a SNKBUCL  |b slo  |c SNKBUCL  |e AACR2 
041 0 |a slo 
044 |a xo  |c SK 
080 |a 791.43  |2 1981 
100 1 |a (lan)  |4 aut  |9 920979 
245 1 0 |a O hľadaní lásky  |c (lan) ; Barbara Sassová, Ottakar Runze 
500 |a /Poľská režisérka Barbara Sassová. Nemecký režisér Ottakar Runze./ 
650 0 7 |a film poľský  |2 snkbucl  |9 874933 
650 0 7 |a Bez lásky (film)  |2 snkbucl  |9 924843 
650 0 7 |a film nemecký  |2 snkbucl  |9 924157 
650 0 7 |a Hviezda (film)  |2 snkbucl  |9 932484 
655 7 |a články z novín a časopisov  |2 snkbucl  |9 267496 
773 0 |t Večerník  |g Roč. 28, č. 78 (21. 4. 1983), s. 5 
850 |a Slovenská národná knižnica v Martine  |a MTA001 
852 |a SNK  |b KIS3GCP 
958 |a RK 
992 |a RBX 
999 |c 1480331  |d 1482261